Operating maintenance instructions FD & FD-ULT series freeze dryers combination manifold. Chamber mechanically refrigerated.

Guardado en:
Formato: Libro
Idioma:English
Publicado: New York : Thermovac Industries, [1973?]
Etiquetas: Agregar Etiqueta
Sin Etiquetas, Sea el primero en etiquetar este registro!
LEADER 00432nam a22001095a 4500
001 EEA.libagro008751
008 130809s1973####nyu###########000#0#eng#d
005 20191114115841.0
245 0 0 |a Operating maintenance instructions FD & FD-ULT series freeze dryers combination manifold. Chamber mechanically refrigerated. 
260 |a New York :  |b Thermovac Industries,  |c [1973?] 
082 0 4 |a 536.5028 
859 |a AR-BbBCA  |b BIB. AGRONOMIA  |h C536.5028  |i T411  |p 1973/0037